Statistiques concernant Coupes du Monde de Football: Chili

Cliquez ici pour prendre le quiz!

Statistiques générales

  • Ce quiz a été pris 81 fois
  • Le résultat moyen est 17 sur 20

Statistiques - réponses

Réponse% Correct
Brésil
97%
Espagne
97%
France
94%
Italie
93%
Argentine
91%
RFA
91%
RDA
90%
Mexique
89%
Angleterre
87%
Pays-Bas
87%
Australie
84%
Etats-Unis
84%
Suisse
84%
URSS
81%
Yougoslavie
80%
Cameroun
77%
Algérie
70%
Autriche
70%
Honduras
54%
Corée du Nord
53%

Distribution des résultats

Percentile par nombre de réponses

% des personnes avec chaque résultat

Votre développement - résultats

Vous n’avez pas pris ce quiz